Lugares de Esteríbar, Navarra (mapa) - Estadísticas

Estadísticas generales
  • Esta prueba ha sido intentada 33 veces
    29 desde el último reinicio
  • La puntuación promedio es 15 de 28
Respuestas en el mapa
Las respuestas están codificadas por una escala verde-roja en el mapa de la prueba según el % correcto abajo.
 
Estadísticas de respuestas
Lugar % Correcto
Olloqui / Olloki
85%
Zubiri
85%
Eugui / Eugi
77%
Zabaldica / Zabaldika
77%
Iroz / Irotz
69%
Saigos / Saigots
69%
Inbuluzqueta / Inbuluzketa
62%
Larrasoaña
62%
Sarasíbar
62%
Urtasun
62%
Zuriáin
62%
Guenduláin / Gendulain
54%
Ilúrdoz / Ilurdotz
54%
Agorreta
46%
Anchóriz / Antxoriz
46%
Aquerreta / Akerreta
46%
Arleta
46%
Leránoz / Leranotz
46%
Setoáin
46%
Urdániz / Urdaitz
46%
Esquíroz / Ezkirotz
38%
Idoy / Idoi
38%
Ilárraz / Ilarratz
38%
Iragui / Iragi
38%
Ostériz / Osteritz
38%
Errea
31%
Usechi / Usetxi
31%
Irure
15%
No se encontraron pruebas coincidentes
Distribución de puntuación
Porcentaje de gente con cada puntuación
Porcentaje por número respondido
Historial de tus puntuaciones
No has intentado esta prueba desde el último reinicio